| 000 | 00722nam a2200229Ii 4500 | ||
|---|---|---|---|
| 003 | JO-AjNU | ||
| 008 | 230605s9999||||xx |||||||||||||| ||und|| | ||
| 017 | _a4432/8/2019 | ||
| 020 | _a978-9957-60-595-7 | ||
| 040 |
_aJO-AjNU _bara _erda _cJO-AjNU |
||
| 041 | _aara | ||
| 050 | 1 | 4 | _aPJ7541.2020 |
| 100 | 3 |
_aالأزدي، حارث, _eauthor _964118 |
|
| 245 | 0 | 0 | _aتعرف إلي |
| 250 | _aط1 | ||
| 264 | 3 | 1 | _aبغداد: مؤسسة البصائر للدراسات والنشر، 2020 |
| 300 | _a125ص | ||
| 336 |
_atext _btxt _2rdacontent |
||
| 337 |
_aunmediated _bn _2rdamedia |
||
| 338 |
_avolume _bnc _2rdacarrier |
||
| 650 | 4 |
_aالشعر العربي-الادب العربي-العصر الحديث _964119 |
|
| 999 |
_aA29120 _c32688 _d32688 |
||